[Event "Flint (MI Senior/4)"]
[Site "?"]
[Date "1993.??.??"]
[Round "?"]
[White "Mayer, Raymond"]
[Black "Thurman, John"]
[Result "1-0"]
[WhiteElo "1605"]
[BlackElo "1745"]
[PlyCount "97"]
[EventDate "1993.??.??"]

1. e4 e5 2. Nf3 Nc6 3. Bb5 a6 4. Ba4 d6 5. c3 f5 6. Qe2 Nf6 7. d3 Be7 8. Nbd2
fxe4 9. Nxe4 b5 10. Bb3 Na5 11. Bc2 c5 12. Bg5 O-O 13. h3 Be6 14. d4 Bc4 15.
Bd3 Nxe4 16. Bxc4+ Nxc4 17. Bxe7 Qxe7 18. Qxe4 cxd4 19. Nxd4 Rae8 20. Nc6 Qe6
21. Qg4 Qxg4 22. hxg4 Nxb2 23. Nb4 a5 24. Nd5 Nd3+ 25. Ke2 Nxf2 26. Nc7 Nxg4
27. Nxe8 Rxe8 28. Rad1 Rc8 29. Rh3 Nf6 30. Rxd6 Kf7 31. a3 Ne4 32. Rd7+ Kg6 33.
Rdd3 h6 34. Rhe3 Rc4 35. Rf3 Kg5 36. Kd1 Ra4 37. Rd5 Kg4 38. Rxe5 Ng5 39. Rd3
Rxa3 40. Rxb5 Ra1+ 41. Kc2 Rg1 42. Rd2 Ne4 43. Rd4 Rxg2+ 44. Kd3 Rg3+ 45. Kxe4
Rxc3 46. Rxa5 g5 47. Ra1 Rg3 48. Rh1 Rh3 49. Ke5+ 1-0

[Event "Troy (TCC/C/2/12)"]
[Site "?"]
[Date "1993.??.??"]
[Round "?"]
[White "Mayer, Raymond"]
[Black "Sabo, B."]
[Result "1-0"]
[WhiteElo "1605"]
[BlackElo "1605"]
[PlyCount "73"]
[EventDate "1993.??.??"]

{2/(12)} 1. e4 e5 2. Nf3 d6 3. Nc3 Nf6 4. Bc4 Bg4 5. O-O Nbd7 6. Re1 Nb6 7. Be2
d5 8. exd5 Bd6 9. Nxe5 Bxe2 10. Qxe2 O-O 11. d4 Nfxd5 12. Nxd5 Nxd5 13. Nf3 Qd7
14. Bd2 Qc6 15. c3 Rfd8 16. Qd3 Bf4 17. Ne5 Qh6 18. Bxf4 Nxf4 19. Qf3 c6 20.
Re4 g5 21. Rae1 f5 22. R4e3 g4 23. Qg3 Nh5 24. Qh4 Rab8 25. h3 gxh3 26. Qxh3 f4
27. Ng4 Qg6 28. Re6 Re8 29. Rxg6+ hxg6 30. Rxe8+ Rxe8 31. Ne5 Kh7 32. Qd7+ Ng7
33. Qxb7 c5 34. Qxa7 cxd4 35. Qxd4 g5 36. Qe4+ Kh6 37. Qg6# 1-0

[Event "Flint (MI Senior/1)"]
[Site "?"]
[Date "1993.??.??"]
[Round "?"]
[White "Mayer, Raymond"]
[Black "Kruskie, Jerry"]
[Result "1/2-1/2"]
[WhiteElo "1605"]
[BlackElo "1850"]
[PlyCount "133"]
[EventDate "1993.??.??"]

1. e4 c5 2. Nf3 Nc6 3. d4 cxd4 4. Nxd4 g6 5. Nc3 Bg7 6. Be3 Nf6 7. Be2 O-O 8.
O-O d5 9. Nxd5 Nxd5 10. exd5 Qxd5 11. Nxc6 Qxc6 12. c3 Be6 13. Qc2 a5 14. a4
Bc4 15. Bxc4 Qxc4 16. Rad1 b5 17. axb5 Qxb5 18. Bd4 e5 19. Be3 f5 20. Rd6 Rab8
21. b4 axb4 22. Qb3+ Kh8 23. Rb1 Rfc8 24. cxb4 Rc4 25. Rbd1 h6 26. Rd8+ Rxd8
27. Rxd8+ Kh7 28. h3 Qxb4 29. Qd3 f4 30. Qd5 h5 31. Qg8+ Kh6 32. Rd7 Qf8 33.
Qxc4 fxe3 34. fxe3 Qf5 35. Rd1 g5 36. Qc6+ Kh7 37. Rf1 Qd3 38. Qf3 Kg6 39. Qf7+
Kh6 40. Qe6+ Kh7 41. Qf5+ Qxf5 42. Rxf5 Kg6 43. Rf1 h4 44. e4 Bf6 45. Kf2 Be7
46. Ke2 Bc5 47. Kd3 Bd4 48. Kc4 Be3 49. Kd5 Bf4 50. Ke6 Kh5 51. Rd1 g4 52. Rd5
gxh3 53. gxh3 Kg6 54. Rxe5 Bxe5 55. Kxe5 Kg5 56. Ke6 Kf4 57. e5 Kg3 58. Kf5
Kxh3 59. e6 Kg2 60. e7 h3 61. e8=Q h2 62. Qg6+ Kf2 63. Qh5 Kg2 64. Qg4+ Kf2 65.
Qh3 Kg1 66. Qg3+ Kh1 67. Kf4 1/2-1/2

[Event "Troy (TCC/C/4/11)"]
[Site "?"]
[Date "1993.??.??"]
[Round "?"]
[White "Mayer, Raymond"]
[Black "Hayes, P."]
[Result "0-1"]
[WhiteElo "1605"]
[BlackElo "1605"]
[PlyCount "82"]
[EventDate "1993.??.??"]

{4/(11)} 1. e4 e5 2. Nf3 Nc6 3. Bb5 Nge7 4. O-O g6 5. c3 Bg7 6. d4 a6 7. Ba4
exd4 8. cxd4 d5 9. Re1 dxe4 10. Rxe4 O-O 11. Bg5 Re8 12. Nc3 b5 13. Bb3 Qd7 14.
Qe1 Bb7 15. d5 Bxc3 16. Qxc3 Nxd5 17. Rxe8+ Rxe8 18. Bxd5 Qxd5 19. Bh6 Ne5 20.
Kf1 b4 21. Qe3 Qb5+ 22. Qe2 Qxe2+ 23. Kxe2 Ng4+ 24. Kd3 Bxf3 25. gxf3 Nxh6 26.
Rc1 Re7 27. Rc6 a5 28. Ra6 Re5 29. Ra7 c5 30. Kc4 Re2 31. Rxa5 Rxb2 32. Kxc5
Nf5 33. Ra4 b3 34. axb3 Rxb3 35. Ra2 Rxf3 36. Re2 Kg7 37. Kd5 Kf6 38. Ke4 Ra3
39. Rb2 Nd6+ 40. Kf4 g5+ 41. Kg4 {[0-1,42]} Ke5 0-1

[Event "Lansing (MI Am/2)"]
[Site "?"]
[Date "1993.??.??"]
[Round "?"]
[White "Maul, Tim"]
[Black "Woods, I."]
[Result "1/2-1/2"]
[WhiteElo "1605"]
[BlackElo "1605"]
[PlyCount "48"]
[EventDate "1993.??.??"]

1. e4 e5 2. Nf3 Nf6 3. d4 exd4 4. e5 Qe7 5. Be2 Nd5 6. Qxd4 Qc5 7. c4 Nb4 8.
Qc3 N8c6 9. Be3 Qe7 10. a3 Na6 11. O-O d6 12. exd6 Qxd6 13. Nbd2 Bd7 14. Rad1
Qf6 15. Rfe1 Qxc3 16. bxc3 O-O-O 17. a4 Nc5 18. Ng5 Be6 19. Bxc5 Bxc5 20. Nxe6
fxe6 21. Bg4 Rhf8 22. Bxe6+ Kb8 23. Ne4 Rxd1 24. Rxd1 Ba3 1/2-1/2

[Event "Lansing (MI Am/4)"]
[Site "?"]
[Date "1993.??.??"]
[Round "?"]
[White "Maul, Tim"]
[Black "Boyer, Mike"]
[Result "1-0"]
[WhiteElo "1605"]
[BlackElo "1605"]
[PlyCount "97"]
[EventDate "1993.??.??"]

1. e4 e5 2. Nf3 Nf6 3. d4 exd4 4. e5 Qe7 5. Be2 Nd5 6. Qxd4 Qb4+ 7. Bd2 Qxd4 8.
Nxd4 Bb4 9. Bf3 Bxd2+ 10. Nxd2 Nf4 11. O-O a6 12. Rfe1 O-O 13. Nc4 Nc6 14. Rad1
Nxd4 15. Rxd4 Ne6 16. Rdd1 Ng5 17. Nd2 d6 18. exd6 cxd6 19. Re7 Rb8 20. Bd5 Be6
21. Bxb7 Bxa2 22. b3 Rfe8 23. Rxe8+ Rxe8 24. Kf1 Rb8 25. Bxa6 Ra8 26. Bb5 Ra5
27. Ba4 g6 28. Ra1 Bxb3 29. cxb3 Rd5 30. Nc4 Ne4 31. Ke2 Nc3+ 32. Ke3 f5 33.
Bd7 Ne4 34. Be6+ Kg7 35. Bxd5 Nc5 36. Nxd6 Kh6 37. b4 Nd7 38. Nf7+ Kg7 39. b5
Nf6 40. Kd4 Nd7 41. Ne5 Nb6 42. Nc4 Nd7 43. Ra7 Kh6 44. Rxd7 g5 45. b6 Kg6 46.
b7 h6 47. b8=Q Kh5 48. Bf7+ Kh4 49. Qg3# 1-0

[Event "Gaylord (NMO/2/11)"]
[Site "?"]
[Date "1993.??.??"]
[Round "?"]
[White "Matias, I.C."]
[Black "Stockton, T."]
[Result "0-1"]
[WhiteElo "1820"]
[BlackElo "1605"]
[PlyCount "58"]
[EventDate "1993.??.??"]

{2/(11)} 1. d4 d5 2. c4 Nc6 3. Nf3 Bg4 4. cxd5 Bxf3 5. exf3 Qxd5 6. Be3 e5 7.
Nc3 Bb4 8. Bd3 exd4 9. Be4 Bxc3+ 10. bxc3 Qc4 11. Bxc6+ Qxc6 12. Bxd4 Qe6+ 13.
Qe2 Qxe2+ 14. Kxe2 Ne7 15. Rhe1 Nf5 16. Kf1+ Kd7 17. Rad1 Kc6 18. Re4 Rhe8 19.
Rxe8 Rxe8 20. Bxa7 Ra8 21. Bd4 Rxa2 22. g3 Rc2 23. Kg2 Nxd4 24. cxd4 Kd5 25.
Re1 b5 26. f4 b4 27. Rb1 Kc4 28. Kf3 Kc3 29. Ke3 b3 0-1

[Event "Gaylord (NMO/5/10)"]
[Site "?"]
[Date "1993.??.??"]
[Round "?"]
[White "Matias, I.C."]
[Black "Snuske, R."]
[Result "0-1"]
[WhiteElo "1820"]
[BlackElo "1605"]
[PlyCount "52"]
[EventDate "1993.??.??"]

{5/(10)} 1. Nf3 Nc6 2. c4 e5 3. Nc3 Nf6 4. d3 Bc5 5. Bg5 d6 6. e3 h6 7. Bh4 Be6
8. a3 a5 9. Be2 g5 10. Nxg5 hxg5 11. Bxg5 Rg8 12. Ne4 Rxg5 13. Nxg5 Qe7 14.
Nxe6 Qxe6 15. Qc2 O-O-O 16. Bf3 d5 17. cxd5 Rxd5 18. Bxd5 Qxd5 19. Rg1 Bb4+ 20.
Ke2 Bc5 21. Rac1 Bb6 22. Qc4 Qd7 23. g4 e4 24. g5 Ne5 25. gxf6 exd3+ 26. Qxd3
Qxd3+ 0-1

[Event "Flint (Class A/2)"]
[Site "?"]
[Date "1993.??.??"]
[Round "?"]
[White "Marshall, Larry"]
[Black "Wisckol, Richard"]
[Result "1-0"]
[WhiteElo "1905"]
[BlackElo "1800"]
[PlyCount "97"]
[EventDate "1993.??.??"]

1. e4 c5 2. Nf3 d6 3. d4 cxd4 4. Nxd4 Nf6 5. Nc3 a6 6. Be2 e6 7. Be3 Qc7 8. O-O
b5 9. a3 Bb7 10. f3 Nbd7 11. Qe1 Rc8 12. Rd1 Ne5 13. g4 Nc4 14. Bxc4 Qxc4 15.
Qf2 Be7 16. Nb3 Nd7 17. Na5 Qc7 18. Nxb7 Qxb7 19. f4 O-O 20. Rd2 Nf6 21. Qf3
Rc4 22. Rd4 Rxd4 23. Bxd4 b4 24. axb4 Qxb4 25. Rd1 Rc8 26. g5 Ne8 27. h4 Rc4
28. Qd3 f6 29. b3 Rc6 30. Qg3 e5 31. Nd5 Qb7 32. gxf6 Nxf6 33. Nxf6+ Bxf6 34.
fxe5 dxe5 35. Bxe5 Qb6+ 36. Kh1 Re6 37. Bxf6 Rxf6 38. Qd3 Rf4 39. Qd5+ Kf8 40.
Qg5 Qf6 41. Qc5+ Qe7 42. Qc8+ Kf7 43. Rd7 Rxh4+ 44. Kg2 Rxe4 45. Kf3 Re6 46.
Rxe7+ Kxe7 47. Kf4 Kf6 48. Qf8+ Kg6 49. Qf5+ 1-0

[Event "Flint (Class A/5)"]
[Site "?"]
[Date "1993.??.??"]
[Round "?"]
[White "Marshall, Larry"]
[Black "Spooner, Frank"]
[Result "0-1"]
[WhiteElo "1905"]
[BlackElo "1835"]
[PlyCount "138"]
[EventDate "1993.??.??"]

1. e4 c6 2. d4 d5 3. Nc3 dxe4 4. Nxe4 Nf6 5. Ng3 e5 6. Be3 Bd6 7. dxe5 Qa5+ 8.
Qd2 Qxd2+ 9. Bxd2 Bxe5 10. O-O-O O-O 11. Bd3 Bc7 12. Nf3 Bg4 13. h3 Be6 14. Kb1
h6 15. Nf5 Bxf5 16. Bxf5 Na6 17. Rhe1 Rfe8 18. Be3 Nb4 19. c4 Bb6 20. Bxb6 axb6
21. a3 Na6 22. Ne5 Nc5 23. b4 Ne6 24. Kb2 c5 25. Nd7 Nd4 26. Rxe8+ Rxe8 27.
Nxf6+ gxf6 28. Bg4 f5 29. Bh5 Re4 30. Rd3 Kf8 31. Re3 Ke7 32. Kc3 Kf6 33. b5
Ne6 34. Bf3 Rxe3+ 35. fxe3 Nd8 36. g3 Ke5 37. a4 f6 38. h4 Kd6 39. Bd5 Ke5 40.
Kd3 Kd6 41. Ke2 Ke7 42. Kf3 Nf7 43. Kf4 Nd6 44. g4 fxg4 45. Kxg4 Kf8 46. e4 Kg7
47. h5 Kf8 48. Kf4 Ke7 49. e5 fxe5+ 50. Kxe5 Ne8 51. Bxb7 Ng7 52. Bf3 Ne6 53.
Be4 Ng7 54. Bg6 Ne6 55. Be4 Ng7 56. Bf3 Ne6 57. Kd5 Nd4 58. Bg4 Ke8 59. a5 bxa5
60. Kxc5 Nb3+ 61. Kc6 a4 62. Be6 Nd4+ 63. Kd6 Nxe6 64. Kxe6 Kd8 65. Kd6 a3 66.
b6 Kc8 67. c5 a2 68. c6 a1=Q 69. b7+ Kb8 0-1

[Event "Troy (TCC/B/4/9)"]
[Site "?"]
[Date "1993.??.??"]
[Round "?"]
[White "Marinelli, Philip"]
[Black "Rostrom, Richard"]
[Result "0-1"]
[WhiteElo "1790"]
[BlackElo "1610"]
[PlyCount "82"]
[EventDate "1993.??.??"]

{4/(9)} 1. b4 Nf6 2. Bb2 d5 3. e3 Bf5 4. Be2 Nbd7 5. Nf3 e6 6. a3 Be7 7. O-O
O-O 8. d3 c5 9. b5 a6 10. bxa6 bxa6 11. Nbd2 Qc7 12. Nh4 Bg6 13. Nxg6 fxg6 14.
c4 Rab8 15. Qc2 Rb7 16. Rfb1 Rbb8 17. g3 Ne8 18. d4 Nd6 19. cxd5 exd5 20. dxc5
Qxc5 21. Qxc5 Nxc5 22. Bd4 Nde4 23. Nxe4 Nxe4 24. Bxa6 Rxb1+ 25. Rxb1 Nxf2 26.
Rb7 Bf6 27. Bc5 Ra8 28. Bb5 Ne4 29. Bb4 d4 30. exd4 Bxd4+ 31. Kf1 Rd8 32. Be7
Rd5 33. Bc4 Nd2+ 34. Kg2 Nxc4 35. Rb8+ Kf7 36. Bb4 Ne3+ 37. Kf3 Nc2 38. Rf8+
Ke6 39. Re8+ Kd7 40. Re7+ Kc6 41. Rxg7 Bxg7 0-1

[Event "Troy (TCC/B/2/12)"]
[Site "?"]
[Date "1993.??.??"]
[Round "?"]
[White "Marinelli, Philip"]
[Black "Papanichola, D."]
[Result "1-0"]
[WhiteElo "1790"]
[BlackElo "1695"]
[PlyCount "109"]
[EventDate "1993.??.??"]

{2/(12)} 1. b4 Nf6 2. Bb2 e6 3. a3 Be7 4. e3 O-O 5. Be2 a6 6. Nf3 b5 7. O-O Bb7
8. d3 Nc6 9. Nbd2 a5 10. bxa5 Rxa5 11. c4 bxc4 12. Nxc4 Ra7 13. Qc2 Qa8 14.
Rfb1 d5 15. Ncd2 Nd7 16. h3 Rb8 17. Qc1 f6 18. Bf1 Nc5 19. Nd4 Ba6 20. Nxc6
Qxc6 21. d4 Bxf1 22. Nxf1 Rb5 23. dxc5 Rxc5 24. Qd1 Rb7 25. a4 Rc2 26. Ba3 Rxb1
27. Qxb1 Bxa3 28. Rxa3 Rc1 29. Qb5 Kf7 30. Qxc6 Rxc6 31. a5 Ra6 32. Nd2 c5 33.
Nb3 c4 34. Nc5 Ra7 35. a6 Ke7 36. Kf1 Kd6 37. Nb7+ Kc7 38. Ke2 Kb6 39. Kd2 Rxa6
40. Rxa6+ Kxa6 41. Nc5+ Kb5 42. Nxe6 g6 43. Kc3 Kc6 44. Nf8 Kd6 45. Nxh7 Ke7
46. g4 Kf7 47. g5 f5 48. f4 Ke7 49. Nf6 Ke6 50. Kd4 Kd6 51. Nxd5 c3 52. Nxc3
Ke6 53. Nd5 Kf7 54. Ke5 Kg7 55. Nf6 1-0

[Event "Ann Arbor (HVA/1/16)"]
[Site "?"]
[Date "1993.??.??"]
[Round "?"]
[White "Mansour, K."]
[Black "Moore, Robert"]
[Result "1-0"]
[WhiteElo "1605"]
[BlackElo "1760"]
[PlyCount "63"]
[EventDate "1993.??.??"]

{1/(16)} 1. d4 d6 2. c4 g6 3. Nc3 Bg7 4. e4 Nd7 5. Be3 e5 6. Nf3 Ne7 7. Qd2 O-O
8. Bh6 f5 9. Bxg7 Kxg7 10. Bd3 f4 11. O-O-O exd4 12. Nxd4 Ne5 13. f3 N7c6 14.
Nxc6 bxc6 15. h4 h5 16. Be2 Be6 17. Qd4 Qf6 18. b3 a5 19. Na4 Bd7 20. c5 d5 21.
exd5 cxd5 22. Rhe1 Bxa4 23. bxa4 Rab8 24. a3 Rb3 25. Bb5 c6 26. Qxe5 cxb5 27.
Qxf6+ Kxf6 28. Rxd5 b4 29. axb4 Rxb4 30. Rd6+ Kf5 31. c6 Rf6 32. Rd5# 1-0

[Event "Ann Arbor (HVA/4/17)"]
[Site "?"]
[Date "1993.??.??"]
[Round "?"]
[White "Mansour, K."]
[Black "Mankiewicz, Ryan"]
[Result "0-1"]
[WhiteElo "1605"]
[BlackElo "1605"]
[PlyCount "121"]
[EventDate "1993.??.??"]

{4/(17)} 1. e4 c5 2. Nf3 d6 3. d4 cxd4 4. Nxd4 Nf6 5. Nc3 a6 6. Be3 Qc7 7. a3
Nc6 8. Nb3 g6 9. f3 Be6 10. Qd2 Bxb3 11. cxb3 h5 12. h4 Bg7 13. Rc1 e6 14. Bc4
Na5 15. Na4 Nxc4 16. Rxc4 Qe7 17. Bb6 O-O 18. Rc7 Nd7 19. Bd4 Bxd4 20. Qxd4
Rac8 21. Rxc8 Rxc8 22. O-O Rc6 23. Qf2 Nc5 24. Nxc5 Rxc5 25. b4 Rc6 26. g4 hxg4
27. fxg4 Qc7 28. h5 gxh5 29. gxh5 Qb6 30. Kh1 Qxf2 31. Rxf2 Rc4 32. Re2 Kg7 33.
Re3 Kh6 34. b3 Rc1+ 35. Kg2 Kxh5 36. Rd3 Rc6 37. Kf3 Kg5 38. Ke3 Kf6 39. Kd4
Ke7 40. a4 e5+ 41. Kd5 Rc1 42. a5 Rc2 43. Rd1 Rc3 44. Rd2 Rxb3 45. Kc4 Re3 46.
Kd5 Rc3 47. Ra2 Rd3+ 48. Kc4 Rd4+ 49. Kc3 Rxe4 50. Kd3 Rxb4 51. Rc2 Kd7 52. Rf2
Rf4 53. Rb2 Kc6 54. Ke3 Ra4 55. Rc2+ Kb5 56. Rc7 Kxa5 57. Rxb7 f5 58. Rd7 Rd4
59. Rb7 f4+ 60. Kf3 Ka4 61. Rb1 0-1

[Event "Troy (TCC/DEU/1b/1)"]
[Site "?"]
[Date "1993.??.??"]
[Round "?"]
[White "Mansour, K."]
[Black "Jagodzinski, M."]
[Result "0-1"]
[WhiteElo "1605"]
[BlackElo "1605"]
[PlyCount "79"]
[EventDate "1993.??.??"]

1. e4 e5 2. Nf3 Nc6 3. Bb5 d6 4. Bxc6+ bxc6 5. O-O Nf6 6. Re1 Bg4 7. h3 Bh5 8.
d4 Be7 9. Qd3 O-O 10. Bg5 c5 11. d5 Rc8 12. c4 c6 13. Nc3 Qd7 14. Nh2 cxd5 15.
Bxf6 Bxf6 16. Nxd5 Bh4 17. Qe3 f5 18. g3 f4 19. gxf4 exf4 20. Nxf4 Rf7 21. Qd2
Bg5 22. Qd5 Bxf4 23. Qxh5 g6 24. Qg4 Qd8 25. Rad1 h5 26. Qe6 Qg5+ 27. Ng4 Rcf8
28. Rd5 Be5 29. f4 Qxf4 30. Qxg6+ Rg7 31. Qe6+ Kh8 32. Rxe5 Qf2+ 33. Kh1 Qxe1+
34. Kh2 Rf2+ 35. Kg3 Rf6+ 36. Kh2 Qe2+ 37. Kh1 Qf1+ 38. Kh2 Rf2+ 39. Kg3 Rf3+
40. Kh2 0-1

[Event "Troy (TCC/DEU/3/5)"]
[Site "?"]
[Date "1993.??.??"]
[Round "?"]
[White "Mansour, K."]
[Black "Coronel, R."]
[Result "1-0"]
[WhiteElo "1605"]
[BlackElo "1605"]
[PlyCount "120"]
[EventDate "1993.??.??"]

{3/(5)} 1. e4 c5 2. Nf3 Nc6 3. d4 cxd4 4. Nxd4 Nf6 5. Nc3 g6 6. Be3 Bg7 7. Be2
a6 8. a4 d6 9. h3 O-O 10. Qd2 Qa5 11. f3 Nxd4 12. Bxd4 Be6 13. Qe3 Nd7 14. Bxg7
Kxg7 15. f4 Qc5 16. Qg3 Kh8 17. h4 f5 18. Bd3 fxe4 19. Bxe4 Bf5 20. O-O-O Bxe4
21. Nxe4 Qf5 22. Qc3+ Nf6 23. Nxf6 Qxf4+ 24. Kb1 Qxf6 25. Qd3 Rac8 26. Rdf1 Qg7
27. Rxf8+ Rxf8 28. Rf1 Rxf1+ 29. Qxf1 Qf6 30. Qc4 Kg7 31. g3 d5 32. Qe2 e5 33.
g4 e4 34. Qh2 Qe7 35. Qf4 h6 36. Qe3 Qe5 37. Qb6 Qe7 38. Qd4+ Kf8 39. Qxd5 e3
40. Qf3+ Ke8 41. Qe2 Qe4 42. h5 g5 43. b3 Ke7 44. Kc1 Ke6 45. c4 Ke5 46. Qh2+
Qf4 47. Qb2+ Ke6 48. Qe2 Qd4 49. Kc2 Qe4+ 50. Kc1 Qf4 51. Kd1 Ke5 52. Qb2+ Qd4+
53. Qxd4+ Kxd4 54. Ke2 Ke4 55. c5 Kf4 56. b4 Kxg4 57. b5 Kf4 58. bxa6 bxa6 59.
c6 g4 60. c7 g3 1-0

[Event "Flint (Class DE/3)"]
[Site "?"]
[Date "1993.??.??"]
[Round "?"]
[White "Mannor, Keith"]
[Black "Somers, R."]
[Result "0-1"]
[WhiteElo "1605"]
[BlackElo "1605"]
[PlyCount "62"]
[EventDate "1993.??.??"]

1. e4 d5 2. exd5 c6 3. dxc6 Nxc6 4. Bb5 Bd7 5. d4 a6 6. Ba4 e6 7. Nf3 Qa5+ 8.
Nc3 Bb4 9. Bxc6 Bxc3+ 10. bxc3 Qxc3+ 11. Bd2 Qxc6 12. O-O Nf6 13. Re1 O-O 14.
Rb1 Qd5 15. Rb2 Bc6 16. Re5 Qd7 17. c3 Ng4 18. Re1 Qd5 19. h3 Nf6 20. Re5 Qd7
21. Bf4 Nd5 22. Qd2 f6 23. Re1 Rae8 24. Re2 Nxf4 25. Qxf4 e5 26. dxe5 fxe5 27.
Qc4+ Bd5 28. Qd3 e4 29. Rxe4 Rxe4 30. Ng5 Re1+ 31. Kh2 Qd6+ 0-1

[Event "Flint (MI Jr/2)"]
[Site "?"]
[Date "1993.??.??"]
[Round "?"]
[White "Mannor, Keith"]
[Black "Skidmore, Jennifer"]
[Result "1/2-1/2"]
[WhiteElo "1605"]
[BlackElo "1910"]
[PlyCount "114"]
[EventDate "1993.??.??"]

1. e4 c5 2. Bc4 Nc6 3. d3 g6 4. Bg5 Bg7 5. Nc3 Nf6 6. Nd5 Nxd5 7. exd5 Ne5 8.
d6 f6 9. dxe7 Qxe7 10. Be3 f5 11. Ne2 Nxc4 12. dxc4 O-O 13. Qd5+ Kh8 14. Bxc5
Qe8 15. Bxf8 Bxf8 16. Qd3 b6 17. O-O Bb7 18. Rfe1 Be4 19. Qd2 Qf7 20. Rad1 Rd8
21. Nc3 Bc6 22. Qf4 Bc5 23. Qe5+ Kg8 24. Nd5 Rf8 25. b4 Bxd5 26. Qxd5 Bxb4 27.
Qxf7+ Rxf7 28. Re8+ Kg7 29. Rd3 Bc5 30. Ra8 Re7 31. Kf1 d6 32. Rd2 Bb4 33. Re2
Rc7 34. Re6 Kf7 35. Re2 Bc3 36. g3 a5 37. Rb8 Bd4 38. Rd8 Bc5 39. Rh8 Kg7 40.
Rhe8 Kf7 41. Rh8 Kg7 42. Ree8 Bd4 43. Rc8 Re7 44. Rhe8 Rd7 45. Red8 Rxd8 46.
Rxd8 Bc5 47. Re8 Kf7 48. Re2 Bd4 49. Kg2 Bf6 50. Kf1 Be7 51. Ke1 Ke8 52. Kd2
Kd7 53. Kd3 Bf6 54. h3 Bh8 55. f3 Bg7 56. Re1 Be5 57. f4 Bf6 1/2-1/2

[Event "Flint (Class DE/5)"]
[Site "?"]
[Date "1993.??.??"]
[Round "?"]
[White "Mannor, Keith"]
[Black "Kane, Paul"]
[Result "0-1"]
[WhiteElo "1605"]
[BlackElo "1605"]
[PlyCount "88"]
[EventDate "1993.??.??"]

1. e4 c5 2. Bc4 e6 3. Nc3 a6 4. a3 b5 5. Be2 d6 6. b3 Nf6 7. Bf3 e5 8. d3 Be7
9. Nge2 O-O 10. Nd5 Nxd5 11. exd5 Nd7 12. Bd2 Nf6 13. c4 Bd7 14. Nc3 Qc8 15.
Bg5 Re8 16. Bxf6 Bxf6 17. Ne4 Be7 18. O-O bxc4 19. dxc4 f5 20. Nc3 Bf6 21. Rc1
Rb8 22. Qc2 g6 23. Rb1 Rb7 24. Qd2 Qd8 25. Na2 f4 26. Rfe1 Bf5 27. Be4 Bxe4 28.
Rxe4 g5 29. Qd1 Qd7 30. Nc3 g4 31. Qe2 Qf5 32. f3 Rg7 33. fxg4 Rxg4 34. Qf3 Kf7
35. b4 Reg8 36. g3 h5 37. bxc5 Rxg3+ 38. hxg3 Rxg3+ 39. Qxg3 fxg3 40. Rb7+ Kg6
41. Re2 Qd3 42. cxd6 Qxc3 43. d7 Qxc4 44. Rxe5 Qd4+ 0-1

[Event "Flint (Class DE/1)"]
[Site "?"]
[Date "1993.??.??"]
[Round "?"]
[White "Mannor, Keith"]
[Black "Cooper, G."]
[Result "1/2-1/2"]
[WhiteElo "1605"]
[BlackElo "1605"]
[PlyCount "103"]
[EventDate "1993.??.??"]

1. e4 c5 2. Bc4 e6 3. Nc3 Nc6 4. d3 Nf6 5. Bg5 Be7 6. Nf3 a6 7. a3 d6 8. h3 Nd7
9. Bf4 b5 10. Bb3 Nd4 11. Be3 e5 12. Nd5 Nxb3 13. cxb3 O-O 14. Qd2 h6 15. Bxh6
gxh6 16. Qxh6 Re8 17. Nxe7+ Qxe7 18. Nh4 Qf6 19. Qh5 Qh8 20. Qg5+ Qg7 21. Qxg7+
Kxg7 22. Nf5+ Kf6 23. Nxd6 Rg8 24. g3 Nb6 25. Rc1 Rd8 26. Nxc8 Raxc8 27. Ke2 c4
28. bxc4 bxc4 29. dxc4 Nxc4 30. Rc2 Rd4 31. f3 Rcd8 32. Rhc1 Rd2+ 33. Rxd2
Rxd2+ 34. Ke1 Rd4 35. Rc2 Kg6 36. Ke2 f5 37. exf5+ Kxf5 38. h4 e4 39. fxe4+
Rxe4+ 40. Kd3 Ne5+ 41. Kd2 Kg4 42. Rc3 Nf3+ 43. Kd3 Re7 44. h5 Kxg3 45. h6 Rh7
46. Ke4 Re7+ 47. Kf5 Re5+ 48. Kf6 Rh5 49. Kg6 Rg5+ 50. Kf6 Rh5 51. Kg6 Rg5+ 52.
Kf6 1/2-1/2

[Event "Flint (MI Jr/4)"]
[Site "?"]
[Date "1993.??.??"]
[Round "?"]
[White "Mannor, Eric"]
[Black "Skidmore, Jennifer"]
[Result "0-1"]
[WhiteElo "1605"]
[BlackElo "1910"]
[PlyCount "96"]
[EventDate "1993.??.??"]

1. e4 d6 2. d4 g6 3. h3 Bg7 4. Nf3 Nf6 5. Nc3 O-O 6. Bc4 c6 7. a3 b5 8. Ba2 Ba6
9. b4 Bb7 10. O-O a6 11. Rb1 Qc7 12. Bb2 Nbd7 13. Qe2 Nh5 14. Qe3 e6 15. Rfe1
Rac8 16. Ne2 Nhf6 17. Ng3 c5 18. c3 c4 19. Nd2 Kh8 20. a4 Ng8 21. Qe2 f5 22.
Nf3 e5 23. dxe5 dxe5 24. Ng5 Qc6 25. Bc1 Ngf6 26. f4 h6 27. exf5 hxg5 28. fxg5
Nd5 29. Qg4 Nxc3 30. Rb2 Nxa2 31. f6 Nxf6 32. gxf6 Qxf6 33. Bg5 Qd6 34. Ne4
Bxe4 35. Rxe4 Nc3 36. Rd2 Qc6 37. Qh4+ Kg8 38. axb5 Qxe4 39. bxa6 Qxh4 40. Bxh4
Nb5 41. Rd7 c3 42. Rb7 c2 43. Bg5 c1=Q+ 44. Bxc1 Rxc1+ 45. Kh2 Nd6 46. Rd7 e4
47. Rxd6 Be5+ 48. g3 Rf2# 0-1

[Event "Flint (MI Jr/2)"]
[Site "?"]
[Date "1993.??.??"]
[Round "?"]
[White "Mannor, Eric"]
[Black "Ruelas, Erik"]
[Result "1-0"]
[WhiteElo "1605"]
[BlackElo "1605"]
[PlyCount "39"]
[EventDate "1993.??.??"]

1. e4 c5 2. Nc3 d6 3. Bc4 Nc6 4. d3 g6 5. Bg5 Bg7 6. h3 Bf6 7. Bxf6 Nxf6 8. Nf3
e6 9. O-O O-O 10. a3 a6 11. Re1 Nd7 12. Qd2 Kg7 13. Ng5 Qf6 14. f4 h6 15. Nf3
b5 16. Bb3 Nb6 17. e5 dxe5 18. fxe5 Qf5 19. Qe3 Nd7 20. g4 1-0

[Event "Flint (Class C/3)"]
[Site "?"]
[Date "1993.??.??"]
[Round "?"]
[White "Mannor, Eric"]
[Black "Cooper, Willie"]
[Result "0-1"]
[WhiteElo "1605"]
[BlackElo "1605"]
[PlyCount "128"]
[EventDate "1993.??.??"]

1. e4 e5 2. Nf3 Nc6 3. Bb5 d6 4. h3 Nf6 5. d3 Be7 6. Nc3 O-O 7. O-O a6 8. Ba4
b5 9. Bb3 h6 10. a3 Na5 11. Ba2 c5 12. Qe2 Bb7 13. Nd2 Rc8 14. Nd5 Nxd5 15.
Bxd5 Bxd5 16. exd5 c4 17. Ra2 c3 18. bxc3 Rxc3 19. Ne4 Rc7 20. Bd2 Nb7 21. c4
f5 22. Ng3 Nc5 23. Ba5 f4 24. Bxc7 Qxc7 25. Ne4 Nb3 26. Qc2 Nd4 27. Qc1 f3 28.
g3 Ne2+ 29. Rxe2 fxe2 30. Re1 Rf3 31. Kg2 Rxd3 32. Rxe2 Qxc4 33. Qxc4 bxc4 34.
Rc2 Rxd5 35. Rxc4 Ra5 36. a4 d5 37. Rc8+ Kf7 38. Nc3 d4 39. Ne4 Rxa4 40. Rc7
Ke6 41. Nc5+ Bxc5 42. Rxc5 d3 43. Rc1 e4 44. Rd1 Ra2 45. Kf1 Ke5 46. Ke1 Kd4
47. Kf1 Kc3 48. g4 Kc2 49. Ke1 Kc3 50. Rc1+ Rc2 51. Rd1 Re2+ 52. Kf1 Kc2 53.
Ra1 e3 54. Ra2+ Kb3 55. Rxe2 dxe2+ 56. Kxe2 exf2 57. Kxf2 a5 58. Ke2 a4 59. Kd2
Kb2 60. Kd3 a3 61. h4 a2 62. g5 a1=Q 63. gxh6 gxh6 64. Kc4 Qa4+ 0-1

[Event "Flint (Class C/5)"]
[Site "?"]
[Date "1993.??.??"]
[Round "?"]
[White "Mannor, Eric"]
[Black "Bezrutch, B."]
[Result "0-1"]
[WhiteElo "1605"]
[BlackElo "1605"]
[PlyCount "134"]
[EventDate "1993.??.??"]

1. e4 c5 2. c4 d6 3. Nc3 Nf6 4. h3 g6 5. d3 Bg7 6. Bg5 O-O 7. Be2 b6 8. Bf3 Bb7
9. Qd2 Nbd7 10. Nge2 Ne5 11. Qe3 Bc8 12. Rd1 Rb8 13. b3 Qc7 14. Bxf6 Bxf6 15.
Nd5 Qd8 16. Nxf6+ exf6 17. Nc3 Nc6 18. O-O Nd4 19. Rd2 Re8 20. Qf4 Re5 21. Ne2
Ne6 22. Qh2 Bb7 23. d4 cxd4 24. Nxd4 Ng5 25. Nb5 Bxe4 26. Bxe4 Nxe4 27. Rd3 Qe7
28. f3 Nc5 29. Rxd6 a6 30. Rd5 axb5 31. Qf4 bxc4 32. bxc4 Re8 33. Qd2 Re2 34.
Qc3 Rxa2 35. Rd2 Rxd2 36. Qxd2 Rd8 37. Qb4 Qc7 38. Rb1 Rd6 39. Re1 Kg7 40. Qc3
Ne6 41. Qb4 Rd4 42. Rc1 Qc6 43. Kh1 Nf4 44. Rc2 Nxh3 45. Kh2 Ng5 46. Kg3 Qc7+
47. Kf2 Qh2 48. Qxb6 Nh3+ 49. Ke2 Qxg2+ 50. Ke1 Qxc2 51. Qxd4 Qb1+ 52. Kd2 Ng5
53. Qc3 Ne6 54. Qc2 Qb6 55. Qe4 Nc5 56. Qc2 Qc6 57. Ke3 g5 58. Qf5 Qe6+ 59.
Qxe6 fxe6 60. Kd4 Nd7 61. c5 Nxc5 62. Kxc5 h5 63. Kd6 Kf7 64. Kc5 h4 65. Kd4 h3
66. Ke3 h2 67. Kf2 h1=Q 0-1

[Event "Flint (Class C/1)"]
[Site "?"]
[Date "1993.??.??"]
[Round "?"]
[White "Mannor, Eric"]
[Black "Asbury, Victor"]
[Result "1-0"]
[WhiteElo "1605"]
[BlackElo "1605"]
[PlyCount "81"]
[EventDate "1993.??.??"]

1. e4 c5 2. c4 Nc6 3. Nf3 g6 4. d3 Bg7 5. Be2 e6 6. Nc3 a6 7. a4 Nge7 8. Bd2
O-O 9. O-O b6 10. Qc1 f5 11. exf5 Nxf5 12. Bg5 Qc7 13. Qf4 Qxf4 14. Bxf4 Ra7
15. Rfd1 Nfd4 16. Nxd4 Nxd4 17. Bd6 Rf7 18. Bg4 Nf5 19. Bf4 Nh6 20. Bxh6 Bxh6
21. Ne4 Bg7 22. Nd6 Rf8 23. Rab1 Bb7 24. b4 Bd4 25. Rf1 Bc6 26. bxc5 Bxc5 27.
Ne4 Bd4 28. Bd1 d5 29. Ng5 dxc4 30. Nxe6 Bxf2+ 31. Rxf2 Rxf2 32. Kxf2 Rf7+ 33.
Kg3 Re7 34. Nf4 Re1 35. Rxb6 cxd3 36. Bb3+ Kg7 37. Rxc6 d2 38. Kf2 d1=Q 39.
Bxd1 Rxd1 40. Rxa6 Rd4 41. Ne6+ 1-0